| 000 | 00564nam a2200193 a 4500 | ||
|---|---|---|---|
| 005 | 20210219150143.0 | ||
| 008 | 991125s1998 mx 000 0 spa u | ||
| 020 | _a9706630457 | ||
| 035 | _aUPN01000008249 | ||
| 049 | _aCG | ||
| 050 | 4 |
_aGB1601 _bC5.8 |
|
| 245 | 0 | 3 |
_aLa ciudad y sus lagos / _cTeodoro González de León... [et al.] |
| 260 |
_aMéxico : _bClío, _c1998. |
||
| 300 |
_a87 p. : _bil. |
||
| 650 | 4 |
_aHIDROLOGIA - _xINVESTIGACION - _zMEXICO |
|
| 650 | 4 |
_aLAGOS - _zMEXICO - _xHISTORIA |
|
| 700 | 1 |
_aGonzález de León, Teodoro, _ecoaut. |
|
| 905 | _aLibro | ||
| 999 |
_c8249 _d8249 |
||